Statistics for Countries of the World With a Disappearing Map in 5 Minutes

Click here to take the quiz!

General Stats

  • This quiz has been taken 7,207 times
  • The average score is 136 of 196

Answers on the Map

Answers color-coded by a green-red scale on the quiz's map according to % correct below.
 

Answer Stats

Country% Correct
Canada
96%
United States
96%
Mexico
94%
United Kingdom
94%
Brazil
93%
France
93%
Russia
93%
Argentina
92%
Chile
92%
Denmark
91%
China
90%
Peru
90%
Spain
90%
Iceland
89%
India
89%
Sweden
89%
Bolivia
88%
Colombia
88%
Finland
88%
Norway
88%
Ireland
87%
Italy
87%
Portugal
87%
Cuba
86%
Germany
86%
Venezuela
86%
Paraguay
85%
Turkey
85%
Uruguay
85%
Australia
84%
Ecuador
84%
Japan
84%
Panama
84%
Ukraine
84%
Egypt
83%
Iran
83%
Mongolia
83%
Dominican Republic
82%
Saudi Arabia
82%
Algeria
81%
Guyana
81%
Iraq
81%
Poland
81%
Suriname
81%
Oman
80%
Bahamas
79%
Haiti
79%
Honduras
79%
Indonesia
79%
Libya
79%
Yemen
79%
Greece
78%
Guatemala
78%
Kazakhstan
78%
Belize
77%
Costa Rica
77%
Estonia
77%
Morocco
77%
Nicaragua
77%
Belarus
76%
El Salvador
76%
Latvia
76%
Sudan
76%
Belgium
75%
Democratic Republic
of the Congo
75%
Netherlands
75%
Pakistan
75%
Romania
75%
South Korea
75%
Austria
74%
Chad
74%
Jamaica
74%
New Zealand
74%
Niger
74%
Laos
73%
Lithuania
73%
Madagascar
73%
Mali
73%
North Korea
73%
Thailand
73%
United Arab Emirates
73%
Dominica
72%
South Africa
72%
Vietnam
72%
Afghanistan
71%
Myanmar
71%
Nigeria
71%
Bulgaria
70%
Hungary
70%
Nepal
70%
Philippines
70%
Switzerland
70%
Syria
70%
Tunisia
70%
Cambodia
69%
Croatia
69%
Malta
69%
Papua New Guinea
69%
Serbia
69%
Slovakia
69%
Albania
68%
Czech Republic
68%
Israel
68%
Malaysia
68%
Republic of the Congo
68%
Somalia
68%
Andorra
67%
Bhutan
67%
Bosnia and
Herzegovina
67%
Ethiopia
67%
Jordan
67%
Slovenia
67%
Cyprus
66%
Luxembourg
66%
Qatar
66%
Saint Kitts and Nevis
66%
Saint Lucia
66%
South Sudan
66%
Angola
65%
Barbados
65%
Kosovo
65%
Mauritania
65%
Uzbekistan
65%
Bangladesh
64%
Moldova
64%
Saint Vincent and the
Grenadines
64%
Sri Lanka
64%
Trinidad and Tobago
64%
Vatican City
64%
Armenia
63%
Georgia
63%
Kenya
63%
Taiwan
63%
Turkmenistan
63%
Azerbaijan
62%
Bahrain
62%
Kuwait
62%
Monaco
62%
Namibia
62%
San Marino
62%
Antigua and Barbuda
61%
Fiji
61%
Grenada
61%
Lebanon
61%
Liechtenstein
61%
Maldives
61%
Montenegro
61%
North Macedonia
61%
Central African Republic
60%
Kiribati
60%
Kyrgyzstan
60%
Tajikistan
60%
Ghana
59%
Togo
59%
Benin
58%
Cape Verde
58%
Tanzania
58%
Eritrea
57%
Guinea
57%
Tonga
57%
Zambia
57%
Mozambique
56%
Nauru
56%
Palau
56%
Samoa
56%
Botswana
55%
Brunei
55%
Federated States of
Micronesia
55%
Mauritius
55%
Senegal
55%
Comoros
54%
Lesotho
54%
Seychelles
54%
Singapore
54%
Zimbabwe
54%
Cameroon
53%
Malawi
53%
Tuvalu
53%
Uganda
53%
Vanuatu
53%
East Timor
52%
Gambia
52%
Liberia
52%
São Tomé and Príncipe
52%
Gabon
51%
Marshall Islands
51%
Solomon Islands
51%
Djibouti
50%
Eswatini
50%
Rwanda
50%
Guinea-Bissau
49%
Ivory Coast
48%
Burkina Faso
47%
Burundi
47%
Sierra Leone
44%
Equatorial Guinea
41%

Score Distribution

Percentile by Number Answered

Percent of People with Each Score

Your Score History

You have not taken this quiz